000 00324nam a22001337a 4500
008 190226b xxu||||| |||| 00| 0 eng d
020 _a9780822575078
041 _aeng
080 _a940
100 _a16
101 _aSHH
245 _aEmperor Qin's Terra Cotta Army unearthing Ancient Worlds
_cCapek,M
942 _2udc
_cBK
999 _c54272
_d54272